Olivia Rodrigo All Songs - Statistics

General Stats
  • This quiz has been taken 82 times
  • The average score is 20 of 28
Answer Stats
Track Song % Correct
3 drivers license
93%
3 vampire
88%
6 good 4 u
87%
5 deja vu
85%
2 traitor
85%
1 Brutal
83%
8 happier
83%
9 jealousy, jealousy
78%
17 So american
78%
2 bad idea, right?
77%
11 hope ur ok
77%
4 1 step forward, 3 steps back
75%
7 enough for you
72%
6 Making the bed
70%
8 Get him back!
68%
4 lacy
68%
12 Teenage dream
68%
10 favorite crime
67%
11 Pretty isn't pretty
67%
15 Scared of my guitar
67%
13 Obsessed
65%
5 Ballad of a homeschooled girl
63%
7 logical
63%
16 Stranger
60%
10 The grudge
58%
14 Girl i've always been
55%
9 Love is embarrasing
35%
1 all-american b*tch
22%
No matching quizzes found
Score Distribution
Percent of People with Each Score
Percentile by Number Answered
Your Score History
You have not taken this quiz